[Event "Catalunya-chT"]
[Site "Spain"]
[Date "1999.??.??"]
[Round "9"]
[White "Rossel Forcada, M."]
[Black "Armengol Morte, David"]
[Result "1/2-1/2"]
[WhiteElo "2105"]
[BlackElo "1890"]
[PlyCount "69"]
[EventDate "1999.??.??"]
[EventType "team-tourn"]
[EventRounds "9"]
[EventCountry "ESP"]
[SourceTitle "EXT 2000"]
[Source "ChessBase"]
[SourceDate "1999.11.16"]
[SourceVersion "1"]
[SourceVersionDate "1999.11.16"]
[SourceQuality "1"]

1. e4 c5 2. Nf3 d6 3. d4 cxd4 4. Nxd4 Nf6 5. Nc3 g6 6. Be3 Bg7 7. f3 0-0 8. Qd2 Nc6 9. 0-0-0 Nxd4 10. Bxd4 Be6 11. Kb1 a6 12. g4 Qa5 13. Nd5 Qxd2 14. Nxe7+ Kh8 15. Rxd2 Rfe8 16. Bxf6 Bxf6 17. Nd5 Bxd5 18. Rxd5 Be5 19. Bc4 Rac8 20. Bb3 Kg7 21. h4 h6 22. h5 g5 23. Rhd1 Rc7 24. c4 Rec8 25. a3 Rc6 26. a4 Rb6 27. Ka2 Rbc6 28. Ka3 R8c7 29. a5 f6 30. Ba2 Kf8 31. Ka4 Ke7 32. b4 Rc8 33. b5 Rc5 34. Rb1 Rxd5 35. bxa6 1/2-1/2